| 000 | 00000nam##2200000za#4500 |
| 001 | 9.578150 |
| 003 | CaOODSP |
| 005 | 20210624185941 |
| 007 | cr ||||||||||| |
| 008 | 150406|1985||||xxc|||||o f|0| 0 eng|d |
| 022 | |a1488-5379 |
| 040 | |aCaOODSP|beng |
| 043 | |an-cn--- |
| 086 | 1 |aFs97-6/1366E-PDF |
| 110 | 1 |aCanada. |bDepartment of Fisheries and Oceans. |
| 245 | 14|aThe status of chum salmon stocks of the West Coast of Vancouver Island, 1951-1982, Statistical Areas 22-27 / |h[electronic resource]|cby D.T. Lightly, M.J. Wood and S.R. Heizer. |
| 260 | |aNanaimo - British Columbia : |bFisheries and Oceans Canada |c1985. |
| 300 | |a163p.|bfigs., references, tables |
| 490 | 1 |aCanadian technical report of fisheries and aquatic sciences|x1488-5379|vNo. 1366 |
| 500 | |aOn t.p.: Field Services Branch, Nanaimo, British Columbia. The catalogue number and ISSN for the print edition appear in the PDF version. |
| 546 | |a(Résumé en français) |
| 590 | |a13-28-Supp|b2013-12-09 |
| 720 | 1 |aWood, M. J. |
| 720 | 1 |aLightly, D. T. |
| 720 | 1 |aHeizer, S. R. |
| 830 | #0|aCanadian technical report of fisheries and aquatic sciences,|x1488-5379|vNo. 1366|w(CaOODSP)9.504449 |
| 856 | 40|ahttp://publications.gc.ca|qPDF|s39,557 KB|uhttps://publications.gc.ca/collections/collection_2013/mpo-dfo/Fs97-6-1366-eng.pdf|yNo. 1366 |